Sentiment analysis and online reputation of automotive companies in Slovak republic
Teoretické pozadie a prehľad literatúry o podnikovej reputácii so zameraním na reputáciu v online prostredí - online reputácia (povesť). Analýza sentimentu ako metóda merania online reputácie. Analýza troch svetových automobilových spoločností pôsobiacich na Slovensku: Volkswagen Slovakia, PSA Peuge...
Guardado en:
| Autor principal: | |
|---|---|
| Otros Autores: | |
| Formato: | Capítulo de libro |
| Lenguaje: | inglés |
| Materias: | |
| Etiquetas: |
Sin Etiquetas, Sea el primero en etiquetar este registro!
|
MARC
| LEADER | 00000nla a2200000 4500 | ||
|---|---|---|---|
| 001 | 0237451 | ||
| 005 | 20240502083635.5 | ||
| 041 | 0 | |a eng | |
| 044 | |a CZ | ||
| 245 | 1 | 0 | |a Sentiment analysis and online reputation of automotive companies in Slovak republic |c Mária Kozáková, Vladimír Hojdik |
| 520 | |a Teoretické pozadie a prehľad literatúry o podnikovej reputácii so zameraním na reputáciu v online prostredí - online reputácia (povesť). Analýza sentimentu ako metóda merania online reputácie. Analýza troch svetových automobilových spoločností pôsobiacich na Slovensku: Volkswagen Slovakia, PSA Peugeot Citroën Slovakia a Kia Motors Slovakia. | ||
| 610 | 2 | 0 | |a marketing |
| 610 | 2 | 0 | |a komunikácia marketingová |
| 610 | 2 | 0 | |a komunikácia elektronická |
| 610 | 2 | 0 | |a podnik |
| 610 | 2 | 0 | |a internet |
| 610 | 2 | 0 | |a imidž |
| 610 | 2 | 0 | |a manažment značky |
| 610 | 2 | 0 | |a priemysel automobilový |
| 610 | 2 | 0 | |a Slovensko |
| 100 | 1 | |a Kozáková, Mária, 1991- | |
| 700 | 1 | |a Hojdik, Vladimír, 1992- | |